[Event "Foment Martinenc op-B 15th"]
[Site "Barcelona"]
[Date "2013.05.18"]
[Round "5"]
[White "Morales Fajarnes, Alex"]
[Black "Riu Lopez, Daniel"]
[Result "0-1"]
[WhiteElo "1731"]
[BlackElo "1674"]
[PlyCount "28"]
[EventDate "2013.04.20"]
[EventType "swiss"]
[EventRounds "9"]
[EventCountry "ESP"]
[SourceTitle "CBM 154 Extra"]
[Source "ChessBase"]
[SourceDate "2013.06.25"]
[SourceVersion "2"]
[SourceVersionDate "2013.06.25"]
[SourceQuality "1"]

1. e4 e5 2. Nc3 Nf6 3. f4 d6 4. Nf3 Nbd7 5. Bc4 Be7 6. 0-0 0-0 7. fxe5 Nxe5 8. Nxe5 dxe5 9. Qf3 Qd4+ 10. Kh1 Qxc4 11. d3 Qe6 12. Bg5 Qg4 13. Qxg4 Bxg4 14. Nd5 Nxd5 0-1

[Event "Foment Martinenc op-B 15th"]
[Site "Barcelona"]
[Date "2013.04.27"]
[Round "2"]
[White "Moliner Cano, Mario"]
[Black "Morales Fajarnes, Alex"]
[Result "0-1"]
[WhiteElo "1700"]
[BlackElo "1731"]
[PlyCount "62"]
[EventDate "2013.04.20"]
[EventType "swiss"]
[EventRounds "9"]
[EventCountry "ESP"]
[SourceTitle "CBM 154 Extra"]
[Source "ChessBase"]
[SourceDate "2013.06.25"]
[SourceVersion "2"]
[SourceVersionDate "2013.06.25"]
[SourceQuality "1"]

1. d4 c5 2. c3 Nc6 3. Nf3 Nf6 4. e3 a6 5. Bd3 g6 6. 0-0 Bg7 7. e4 d6 8. h3 e5 9. dxe5 dxe5 10. Bg5 0-0 11. Bc4 b5 12. Bxf6 Bxf6 13. Bd5 Qd7 14. b4 c4 15. a4 Bb7 16. Na3 Rfd8 17. axb5 axb5 18. Nxb5 Ne7 19. Na3 Nxd5 20. exd5 Qxd5 21. Qxd5 Bxd5 22. Rfe1 e4 23. Nd4 Rdb8 24. Nac2 Bg5 25. Rxa8 Rxa8 26. Ne3 Bxe3 27. fxe3 f5 28. Rd1 Bf7 29. Nc6 Ra3 30. Rb1 Rxc3 31. b5 Rb3 0-1